Diverdidactica el maravilloso espacio : (Record no. 24739)

MARC details
000 -LEADER
fixed length control field 00546 a2200193 4500
003 - CONTROL NUMBER IDENTIFIER
control field sjds
005 - DATE AND TIME OF LATEST TRANSACTION
control field 20240229142933.0
008 - FIXED-LENGTH DATA ELEMENTS--GENERAL INFORMATION
fixed length control field 240229b |||||||| |||| 00| 0 spa d
020 ## - INTERNATIONAL STANDARD BOOK NUMBER
International Standard Book Number 9781474818155 (pbk.)
020 ## - INTERNATIONAL STANDARD BOOK NUMBER
International Standard Book Number 1474818153 (pbk.)
040 ## - CATALOGING SOURCE
Transcribing agency sjds
041 ## - LANGUAGE CODE
Language code of text/sound track or separate title spa
100 ## - MAIN ENTRY--PERSONAL NAME
Personal name Rumiz, Susanna
245 ## - TITLE STATEMENT
Title Diverdidactica el maravilloso espacio :
Remainder of title libro de stickers /
Statement of responsibility, etc. Susanna Rumiz
260 ## - PUBLICATION, DISTRIBUTION, ETC. (IMPRINT)
Place of publication, distribution, etc. [No place]:
Name of publisher, distributor, etc. Parragon Publishing,
Date of publication, distribution, etc. 2015
300 ## - PHYSICAL DESCRIPTION
Extent 32 pages
500 ## - GENERAL NOTE
General note Cataloging from website<br/>Ages 7 to 9
942 ## - ADDED ENTRY ELEMENTS (KOHA)
Koha item type Libro/Book
Holdings
Withdrawn status Lost status Damaged status Not for loan Home library Current library Date acquired Total Checkouts Full call number Barcode Date last seen Price effective from Koha item type Inventory number Checked out Date checked out
        Barbudos -- Satellite Barbudos -- Satellite 17/08/2020 1 JI 35801999 02/03/2023 17/08/2020 Libro/Book Inventory date: 7/7/25   05/05/2022
        Barbudos -- Satellite Barbudos -- Satellite 17/08/2020   JI 35802001 17/08/2020 17/08/2020 Libro/Book      
        Capulin -- Satellite Capulin -- Satellite 13/08/2020   JI 35101999 13/08/2020 13/08/2020 Libro/Book Inventory date: 7/7/25    
        Capulin -- Satellite Capulin -- Satellite 13/08/2020   JI 35102000 13/08/2020 13/08/2020 Libro/Book      
        Genizero -- Satellite Genizero -- Satellite 15/08/2020   JI 35602002 15/08/2020 15/08/2020 Libro/Book      
      In Process Las Brisas 1 -- Satellite Las Brisas 1 -- Satellite 10/08/2020   JI 40002209 10/08/2020 10/08/2020 Libro/Book      
      In Process Las Brisas 1 -- Satellite Las Brisas 1 -- Satellite 10/08/2020   JI 40002213 10/08/2020 10/08/2020 Libro/Book      
        Las Brisas 2 -- Satellite Las Brisas 2 -- Satellite 10/08/2020   JI 40102243 10/08/2020 10/08/2020 Libro/Book      
        Las Brisas 2 -- Satellite Las Brisas 2 -- Satellite 10/08/2020   JI 40102244 10/08/2020 10/08/2020 Libro/Book      
        Monte Cristo -- Satellite Monte Cristo -- Satellite 26/08/2020   JI 40202209 26/08/2020 26/08/2020 Libro/Book      
        Monte Cristo -- Satellite Monte Cristo -- Satellite 26/08/2020   JI 40202210 26/08/2020 26/08/2020 Libro/Book      
        San Juan Del Sur -- Mobile Ostional 31/08/2020 2 JI 33015843 17/03/2022 31/08/2020 Libro/Book   21/04/2022 17/03/2022
        Genizero -- Satellite San Juan Del Sur -- Biblioteca 15/08/2020 2 JI 35602001 28/06/2023 15/08/2020 Libro/Book Checked out from 2023 - Jan 2025 02/08/2023 28/06/2023
        San Jeronimo -- Satellite San jeronimo 10/08/2020 3 JI 35902213 31/03/2026 10/08/2020 Libro/Book inventory date: 17-1-25 05/05/2026 31/03/2026
        San Jeronimo -- Satellite San jeronimo 10/08/2020 2 JI 35902212 31/03/2026 10/08/2020 Libro/Book inventory date: 17-1-25 05/05/2026 31/03/2026
      In Process Sevadilla -- Satellite Sevadilla -- Satellite 28/07/2020   JI 35402004 28/07/2020 28/07/2020 Libro/Book      
        Zaragoza -- Satellite Zaragoza -- Satellite 30/07/2020   JI 35502006 30/07/2020 30/07/2020 Libro/Book Inventory date: 7/7/25    
        Zaragoza -- Satellite Zaragoza -- Satellite 30/07/2020   JI 35502007 30/07/2020 30/07/2020 Libro/Book      

Powered by Koha